zpět

Detail výsledku týmu

Restaurace Neptun, Liberec

Datum a čas kvízu

33.5 Celkem bodů Celkový počet nahraných bodů na tomto kvízu bez doplňovacích otázek.
6. Pořadí na kvízu Konečné umístění týmu na tomto kvízu.

Zaznamenané odpovědi

# Otázka Odpověď Body Výsledky
1. V pátek přejel první vlak přes... Orlík 1
2. Po devíti dnech pátrání byla v... v Paříži 0
3. Počátkem týdne byl představen... Marek Ztracený, Ester Ledecká 1
4. Ve čtvrtek byly vyhlášeny výsl... Zásilkovna 1
5. Ve čtvrtek začal evropský šamp... o házené 1
6. Začneme mladším (a slavnějším)... Krakatit 1
7. Josef Čapek byl především malí... A 0
8. Přiřaďte k těmto literárním dí... 1B 2C 3A 4D 0
9. Napište názvy dvou deníků, v n... Národní listy, Lidové noviny 0.5
10. Napište název románu, jehož zá... Válka s Mloky 1